000 00524cam a2200193ua 4500
041 _aeng
_h
082 _a101
_bRAN/PH
100 _aRandall, John herman .
245 _aPhilosophy on introduction /
_cJohn Herman Randall.
_hTextual Documents
250 _a1 /
_b.
260 _aNewyork :
_bBarnes and noble ,
_c1961.
300 _a302 ; .
440 0 _aCollege outline series,
_v
_x;
490 0 _aCollege outline series,
_v
_x;
504 _a
700 1 _aBuchler , Justus .
942 _cBK
999 _c2324
_d2324